|
|
|
|
| LEADER |
00571cam a2200169 7i4500 |
| 001 |
0000031662 |
| 005 |
20140912090000.0 |
| 020 |
0 |
0 |
|a 9781118421017
|
| 090 |
0 |
0 |
|a B 658.4038
|b SMA
|
| 100 |
1 |
0 |
|a Smallwood
|
| 245 |
1 |
0 |
|a Information governance :
|b concepts, strategies and best practices.
|
| 260 |
0 |
0 |
|a Hoboken, New Jersey:
|b John Wiley & Sons,
|c 2014.
|
| 300 |
# |
# |
|a 442 p.
|
| 650 |
0 |
0 |
|a Information technology --
|x Management
|
| 650 |
0 |
0 |
|a Management --
|x Information systems
|
| 650 |
0 |
0 |
|a Electronic records --
|x Management
|
| 999 |
|
|
|a 0000035050
|b Book
|c Book
|e Business Information Centre
|